Financie malých a stredných podnikov

Saved in:
Bibliographic Details
Main Author: Fetisovová, Elena
Corporate Author: Ekonomická univerzita v Bratislave. Fakulta podnikového manažmentu
Format: Book
Language:Slovak
Published: Bratislava Vydavateľstvo Ekonóm 1998
Subjects:
Tags: Add Tag
No Tags, Be the first to tag this record!

MARC

LEADER 00000nam a2200000 4500
001 c100731
005 20240502071314.0
020 |a 80-225-0903-5 
041 0 |a slo 
044 |a SK 
245 1 0 |a Financie malých a stredných podnikov  |c Elena Fetisovová 
264 1 |a Bratislava  |b Vydavateľstvo Ekonóm  |c 1998 
300 |a 87 s. 
610 2 0 |a financie podnikové 
610 2 0 |a financovanie podnikov 
610 2 0 |a podpora podnikania 
610 2 0 |a podnikanie drobné 
610 2 0 |a podnikanie malé 
610 2 0 |a podnik malý 
610 2 0 |a podnik stredný 
610 2 0 |a výkazy finančné 
610 2 0 |a výkazy účtovné 
610 2 0 |a zadlženosť 
610 2 0 |a dane podnikové 
610 2 0 |a odpisy 
610 2 0 |a kapitál rizikový 
100 1 |a Fetisovová, Elena 
710 2 |a Ekonomická univerzita v Bratislave. Fakulta podnikového manažmentu